Bytový dom

Saved in:
Bibliographic Details
Main Author: Piliarová, Daniela (Author)
Other Authors: Hartman, Peter (Thesis advisor)
Format: Manuscript Book
Language:Slovak
Published: 2015
Subjects:
Online Access:http://is.stuba.sk/zp/portal_zp.pl?podrobnosti=89570
https://opac.crzp.sk/?fn=detailBiblioForm&sid=FF44C990A7CA883E4C8651929FD7
Tags: Add Tag
No Tags, Be the first to tag this record!

MARC

LEADER 00000ntm a22000003a 4500
001 stuzp51020
003 SK-STU
005 20230817112711.3
007 ta
008 150427s2015----xo-----f-mn---000-0-slo-d
040 |a STU  |b slo 
041 0 |a slo 
100 1 |a Piliarová, Daniela  |u 010180  |4 aut  |U SvF Stavebná fakulta  |T SvF Katedra konštrukcií pozemných stavieb  |X 9329  |U V180  |Y 18  |7 9329 
242 0 1 |a Polyfunctional dwelling house  |y eng 
245 1 0 |a Bytový dom 
260 |c 2015 
650 4 |a konštrikčné riešenie  |2 slo 
650 4 |a návrh  |2 slo 
650 4 |a bytový dom  |2 slo 
650 4 |a príroda  |2 slo 
650 4 |a technická správa  |2 slo 
650 4 |a construction solution  |2 eng 
650 4 |a design  |2 eng 
650 4 |a nature  |2 eng 
650 4 |a technical report  |2 eng 
650 4 |a dwelling house  |2 eng 
700 1 |a Hartman, Peter  |4 ths  |X 39278  |7 A000039278 
856 4 |u http://is.stuba.sk/zp/portal_zp.pl?podrobnosti=89570 
856 4 |u https://opac.crzp.sk/?fn=detailBiblioForm&sid=FF44C990A7CA883E4C8651929FD7 
SQL |a stuzp51020  |b DBP  |c SLO  |d Bytový dom  |e 9329  |f Piliarová, Daniela  |g 010180  |h 39278  |i Hartman, Peter  |j 20150624  |k 4  |l 01  |m http://is.stuba.sk/zp/portal_zp.pl?podrobnosti=89570  |n B-PSA  |o 5.1.4. pozemné stavby, 5.1.1. architektúra a urbanizmus